00641nam a2200217Ia 4500008004100000050001200041050001500053100002600068245003700094245003200131245006500163260003100228260001000259260001000269300001500279300002000294300001100314500005600325521002300381999001900404170504s9999 xx 000 0 und d aHF 5823 b.B687 2016 aBola, Arthessa Mae S. aSMDC's "the good guys" tagline : ba basis for a PR campaign / cArthessa Mae S. Bola, Inna Viem, Jasper Ian P. Yparraguirre. aLas Piñas, Philippines : bSISC, c2016. a63 pages : billustrations ; c28 cm. aIncludes bibliographical references and appendices. aMass Communication c329714d329714